000
00321 a2200133 4500
005
20250628195359.0
020
_a
978-1-4739-8099-0
100
_a
POSTINGS, T
245
_a
Counselling Skills and Studies
250
_a
2nd Ed
260
_a
London
_b
Sage
_c
2017
300
_a
320p.: ill; Table
_b
Index
_c
25cm
942
_2
ddc
_c
BKS
999
_c
6189
_d
6189